Formel 1 Podium 1975 - Statistiken

Allgemein
  • Dieses Quiz wurde 65 mal gespielt
  • Das Durchschnittsergebnis liegt bei 8 aus 13
Antwortstatistiken
Antwort % Korrekt
Niki Lauda
100%
James Hunt
98%
Emerson Fittipaldi
84%
Clay Regazzoni
78%
Jody Scheckter
73%
Carlos Reutemann
60%
Jochen Mass
49%
Patrick Depailler
49%
Jacky Ickx
42%
Carlos Pace
40%
Vittorio Brambilla
36%
Jacques Laffite
31%
Tom Pryce
22%
Keine übereinstimmenden Quizze gefunden
Verteilung der Resultate
Anzahl Personen mit jedem Resultat
Perzentil nach korrekt beantworteten Fragen
Ihre Resultats-Entwicklung
Sie haben dieses Quiz noch nicht gespielt